Financial sector reform (Registro nro. 12129)

Detalles MARC
000 -LEADER
fixed length control field 00967nam a2200265Ia 4500
003 - CONTROL NUMBER IDENTIFIER
control field OSt
005 - DATE AND TIME OF LATEST TRANSACTION
control field 20210805112006.0
008 - FIXED-LENGTH DATA ELEMENTS--GENERAL INFORMATION
fixed length control field 210310s1998 wauad gr 000 0 eng d
020 ## - INTERNATIONAL STANDARD BOOK NUMBER
International Standard Book Number 0821342916
022 ## - INTERNATIONAL STANDARD SERIAL NUMBER
Source 10110984
040 ## - CATALOGING SOURCE
Original cataloging agency CO-JMCR
Transcribing agency CO-JMCR
041 0# - LANGUAGE CODE
Language code of text/sound track or separate title eng
082 04 - DEWEY DECIMAL CLASSIFICATION NUMBER
Classification number 332.1532 /
Item number W671f
Edition number 23
110 2# - MAIN ENTRY--CORPORATE NAME
Corporate name or jurisdiction name as entry element The World Bank
Relator term autor
9 (RLIN) 9685
245 10 - TITLE STATEMENT
Title Financial sector reform
Statement of responsibility, etc. The World Bannk
260 ## - PUBLICATION, DISTRIBUTION, ETC.
Place of publication, distribution, etc. Washington :
Name of publisher, distributor, etc. World Bank operations evaluation study,
Date of publication, distribution, etc. 1998.
300 ## - PHYSICAL DESCRIPTION
Extent 85 pages :
Other physical details Illustrations and graphics in black and white ;
Dimensions 28 cm.
504 ## - BIBLIOGRAPHY, ETC. NOTE
Bibliography, etc. note Bibiography: pages 61-64.
505 0# - FORMATTED CONTENTS NOTE
Formatted contents note The Evaluation Framework. -- Financial Sector Reform Operations. -- Institutional Development. -- Liberalization and Financial Crises. -- Bank Performance.
650 14 - SUBJECT ADDED ENTRY--TOPICAL TERM
Topical term or geographic name entry element Economic policy
9 (RLIN) 27378
650 24 - SUBJECT ADDED ENTRY--TOPICAL TERM
Topical term or geographic name entry element Economic stabilization
9 (RLIN) 39092
650 24 - SUBJECT ADDED ENTRY--TOPICAL TERM
Topical term or geographic name entry element Finance
9 (RLIN) 37215
700 1# - ADDED ENTRY--PERSONAL NAME
Personal name Mathieu, Nicolas,
Relator term author
9 (RLIN) 39093
942 ## - ADDED ENTRY ELEMENTS (KOHA)
Source of classification or shelving scheme Dewey Decimal Classification
Koha item type Books
Existencias
Withdrawn status Lost status Source of classification or shelving scheme Damaged status Not for loan Home library Current library Shelving location Date acquired Source of acquisition Full call number Barcode Date last seen Copy number Price effective from Koha item type
    Dewey Decimal Classification     Biblioteca Pública José María del Castillo y Rada Biblioteca Pública José María del Castillo y Rada General Stacks 04/15/2018 Donación 332.1532 / W671f 430002413 05/16/2024 Ej.1 03/10/2021 Books